| 000 | 00739nam a2200253Ia 4500 | ||
|---|---|---|---|
| 001 | Para_8868 | ||
| 003 | CHAP | ||
| 008 | 220125s2003 xx 000 0 und d | ||
| 010 | _a207631 | ||
| 040 | _cCHAP | ||
| 082 | _aPA 633.1 L3 | ||
| 100 |
_aLandaverde Toruño, Roger A. _964669 |
||
| 245 |
_aLas plagas de los productos alimenticios almacenados en la región del OIRSA / _c por Roger A. Landaverde Toruño |
||
| 260 |
_aSan Salvador, El Salvador : _b OIRSA |
||
| 300 | _a171 p. | ||
| 650 |
_aCereales _x almacenamiento _xplagas _921378 |
||
| 901 | _aPA 633.1 L3 | ||
| 902 | _aA | ||
| 905 | _a0000002003 adn 0000000000 00 | ||
| 910 | _a2003 | ||
| 942 | _cPARA | ||
| 942 |
_cPARA _d1 |
||
| 999 |
_c207631 _d207631 |
||